| 000 | 00508ntaaa2200193 4500 | ||
|---|---|---|---|
| 003 | 01 | ||
| 005 | 20251027202432.0 | ||
| 008 | 0714s1973 ag 01 | ||
| 040 |
_aAR-BaBN _bspa _cAR-BaBN _eaacr _dRIC |
||
| 082 | _a261.7200 C23 | ||
| 100 | _aCarrillo de Albornoz, A. F. | ||
| 245 | _aThe basis of Religious Liberty | ||
| 250 | _a1 ed. | ||
| 260 |
_aNY : _bAssociation Press, _cc1963 |
||
| 300 | _a182 p. | ||
| 500 | _alas bases de la libertad religiosa | ||
| 650 |
_aLibertad Religiosa _95727 |
||
| 942 | _cBK | ||
| 999 |
_c19310 _d19310 |
||